| 000 | 01136nam a2200301 i 4500 | ||
|---|---|---|---|
| 001 | bg | ||
| 003 | KOSZ 005 | ||
| 005 | 20200421141310.0 | ||
| 008 | 080316s1962 pl g d 000 0 pol | ||
| 015 | _aPB 1962/3771 | ||
| 040 |
_aWA N _cKOSZ 005/RW _dKOSZ 005/RW |
||
| 041 | 0 |
_apol _aeng |
|
| 080 | _a62(03):413 | ||
| 245 | 0 | 0 |
_aSłownik techniczny polsko-angielski / _cred. S. Czerni i M. Skrzyńska ; Dział Słownictwa Technicznego Wydawnictw Naukowo-Technicznych. |
| 246 | 1 | 5 | _aPolish-English technological dictionary. |
| 260 |
_aWarszawa : _bWydawnictwa Naukowo-Techniczne, _c1962. |
||
| 300 |
_a[8], 371, [1] s., [1] k. tabl. ; _c21 cm. |
||
| 380 | _aKsiążki. | ||
| 546 | _aWstęp pol. i ang. | ||
| 650 | 4 |
_aTechnika _xterminologia. |
|
| 655 | 4 | _aSłownik polsko-angielski | |
| 655 | 4 | _aSłownik terminologiczny | |
| 710 | 2 |
_aWydawnictwa Naukowo-Techniczne _4pbl. |
|
| 700 | 1 |
_aCzerni, Sergiusz _eRedakcja |
|
| 700 | 1 |
_aSkrzyńska, Maria _eRedakcja |
|
| 856 |
_uhttp://koha.tu.koszalin.pl/cgi-bin/koha/opac-detail.pl?biblionumber=8141 _yKatalog online BPK |
||
| 942 |
_2UKD _cKS |
||
| 999 |
_c8141 _d8141 |
||